01369nam a22002897a 4500003000400000005001700004008004100021040002200062082001800084100002500102245003000127260006000157300002100217366000800238490002700246505010600273505026600379505005700645650005500702650004700757650004800804650004300852650004500895650005600940650004700996700003601043OSt20230616100415.0221006b |||||||| |||| 00| 0 eng d cBiblioteca Lado V a709.05bG851a aGriffin, Timeeditor aArtforum/bInternacional/ aNew Yorkc1995bNew York editorial and business offices c26.5x27cma112p. eeng aEnerov1995x0864-1315 tCOLUMNSaGlamour Wounds Gadget Love Virtual Office American Myths Real Life Rock Theater Books  tFEATURESaNaked City Chill: The New Ambient Critical Reflections The Art of the Matter: Curating the Whitney Biennial Poll Stars: Komar & Melamid's "The People's Choice" Washington Lives Jannis Kounellis: Boat Lonion, Piraeus Openings: Pieter Schoolwerth tREVIEWSaFocus: the Italian Metamorphosis, 1943-1968 2Tesauro de Arte & ArquitecturaaARTE COMTEMPORANEO 2Tesauro de Arte & ArquitecturaaFOTOGRAFIA 2Tesauro de Arte & ArquitecturaaARTE VISUAL 2Tesauro de Arte & ArquitecturaaLIBROS 2Tesauro de Arte & ArquitecturaaNOTICIAS 2 Tesauro de Arte & ArquitecturaaARTE INTERNACIONAL 2 Tesauro de Arte & ArquitecturaaESCULTURA aNavarreta, Jose Antonioeeditor